[Event "Pan American Intercollegiate-chT"]
[Site "Chess.com INT"]
[Date "2021.01.06"]
[Round "9"]
[White "Wei, Jeffrey"]
[Black "Schmakel, Sam A"]
[Result "0-1"]
[WhiteElo "2034"]
[BlackElo "2435"]
[PlyCount "126"]
[EventDate "2021.01.04"]
[EventType "team-swiss (rapid)"]
[EventRounds "9"]
[EventCountry "USA"]
[SourceTitle "CBM 200 Extra"]
[Source "ChessBase"]
[SourceDate "2021.03.31"]
[SourceVersion "1"]
[SourceVersionDate "2021.03.31"]
[SourceQuality "1"]
[WhiteTeam "Berkeley California Univ V"]
[BlackTeam "Texas Tech Univ II"]
[WhiteTeamCountry "USA"]
[BlackTeamCountry "USA"]

1. b3 e5 2. Bb2 Nc6 3. Nf3 d6 4. e3 g6 5. d4 Bg7 6. Bb5 e4 7. Nfd2 Qg5 8. Bxc6+ bxc6 9. Rg1 Qh4 10. Nf1 Nf6 11. Qd2 0-0 12. Nc3 Re8 13. 0-0-0 d5 14. g3 Qh5 15. Ne2 g5 16. h4 h6 17. Nh2 Ng4 18. Nxg4 Bxg4 19. Rde1 Qg6 20. Rh1 Qd6 21. Nc3 Bf3 22. hxg5 Bxh1 23. Rxh1 hxg5 24. Qe2 Re6 25. Qg4 Rg6 26. Na4 Qe6 27. Qe2 Rh6 28. Rf1 Rh2 29. Nc5 Qh3 30. Qe1 Rd8 31. Nb7 Re8 32. Nc5 Kh7 33. Bc3 Kg6 34. Rg1 Qf5 35. Rf1 Reh8 36. Qe2 Rh1 37. Kb2 Qf3 38. Qe1 Rxf1 39. Qxf1 Rh2 40. Be1 Rh1 41. Qa6 Rxe1 42. Qxc6+ Kh7 43. Qxd5 Qxf2 44. Nxe4 Qxe3 45. Nxg5+ Kg6 46. Qxf7+ Kxg5 47. Qxg7+ Kh5 48. Qh7+ Kg4 49. Qg6+ Kf3 50. Qc6+ Kf2 51. Qxc7 Qxd4+ 52. Ka3 Re5 53. Qf7+ Kxg3 54. Qg7+ Kf3 55. Qf6+ Ke2 56. Qa6+ Kd2 57. c4 Kc2 58. Qg6+ Kc3 59. Qg3+ Re3 60. Qc7 Re5 61. Ka4 Qc5 62. Qxc5 Rxc5 63. a3 Re5 0-1

[Event "Pan American Intercollegiate-chT"]
[Site "Chess.com INT"]
[Date "2021.01.05"]
[Round "4"]
[White "Soetedjo, James"]
[Black "Wei, Jeffrey"]
[Result "1-0"]
[WhiteElo "1960"]
[BlackElo "2034"]
[PlyCount "77"]
[EventDate "2021.01.04"]
[EventType "team-swiss (rapid)"]
[EventRounds "9"]
[EventCountry "USA"]
[SourceTitle "CBM 200 Extra"]
[Source "ChessBase"]
[SourceDate "2021.03.31"]
[SourceVersion "1"]
[SourceVersionDate "2021.03.31"]
[SourceQuality "1"]
[WhiteTeam "Washington Univ II"]
[BlackTeam "Berkeley California Univ V"]
[WhiteTeamCountry "USA"]
[BlackTeamCountry "USA"]

1. d4 Nf6 2. Nf3 g6 3. e3 Bg7 4. Be2 0-0 5. 0-0 d6 6. b3 Nbd7 7. Bb2 b6 8. Nbd2 Bb7 9. c4 e5 10. dxe5 Ng4 11. Rb1 Ngxe5 12. Nxe5 dxe5 13. Bf3 Bxf3 14. Qxf3 Nc5 15. Rfd1 f5 16. Ba3 e4 17. Qg3 Qe7 18. Bxc5 bxc5 19. f3 Rad8 20. fxe4 Bc3 21. Nf1 fxe4 22. Rxd8 Rxd8 23. Qg4 Rd3 24. Rd1 Qd6 25. Rb1 Qe5 26. Rd1 Rxd1 27. Qxd1 Qe7 28. Qd5+ Kg7 29. Ng3 a5 30. Nxe4 Bb2 31. Qd3 Be5 32. Nd2 Bf6 33. Nf3 h5 34. e4 Qe8 35. Kf1 g5 36. e5 Bxe5 37. Qe2 g4 38. Qxe5+ Qxe5 39. Nxe5 1-0

[Event "Pan American Intercollegiate-chT"]
[Site "Chess.com INT"]
[Date "2021.01.04"]
[Round "2"]
[White "Ali Marandi, Cemil Can"]
[Black "Wei, Jeffrey"]
[Result "1-0"]
[WhiteElo "2543"]
[BlackElo "2034"]
[PlyCount "79"]
[EventDate "2021.01.04"]
[EventType "team-swiss (rapid)"]
[EventRounds "9"]
[EventCountry "USA"]
[SourceTitle "CBM 200 Extra"]
[Source "ChessBase"]
[SourceDate "2021.03.31"]
[SourceVersion "1"]
[SourceVersionDate "2021.03.31"]
[SourceQuality "1"]
[WhiteTeam "St Louis Univ II"]
[BlackTeam "Berkeley California Univ V"]
[WhiteTeamCountry "USA"]
[BlackTeamCountry "USA"]

1. d4 Nf6 2. Bg5 c5 3. Nc3 cxd4 4. Qxd4 Nc6 5. Qh4 e6 6. 0-0-0 Be7 7. e4 h6 8. f4 Rg8 9. Bxf6 Bxf6 10. Qg3 Bxc3 11. Qxc3 d6 12. Qa3 Bd7 13. Qxd6 Qe7 14. Qd2 0-0-0 15. Nf3 g5 16. g3 e5 17. Bd3 Bg4 18. Rdf1 f5 19. Nxe5 Nxe5 20. fxe5 Qxe5 21. exf5 Rgf8 22. Qf2 Kb8 23. h3 Bh5 24. g4 Bf7 25. Qh2 Qxh2 26. Rxh2 Bxa2 27. Re1 Bd5 28. Rhe2 Kc7 29. Re5 Rf6 30. Be4 Bxe4 31. R5xe4 h5 32. Rc4+ Kb6 33. Re7 hxg4 34. hxg4 Rfd6 35. b3 R8d7 36. Rxd7 Rxd7 37. Kb2 Rd1 38. Re4 Rf1 39. Re6+ Kc5 40. Rg6 1-0